[Event "Klub Kölner SF 2 - Oberhausener SV 1"]
[Site "NRW-Klasse - Gruppe 3 2021/20"]
[Date "2022.04.24"]
[Round "8.6"]
[White "Klemenz, Luca"]
[Black "Ciornei, Dragos"]
[Result "0-1"]
[WhiteElo "2012"]
[BlackElo "2109"]
[Annotator "daniel"]
[PlyCount "118"]
[EventDate "2022.??.??"]
[SourceVersionDate "2020.03.16"]
[WhiteTeam "Klub Kölner SF 2"]
[BlackTeam "Oberhausener SV 1"]

1. d4 Nf6 2. c4 g6 3. Nc3 Bg7 4. e4 d6 5. Nf3 O-O 6. Be2 e5 7. Be3 exd4 8. Nxd4
Re8 9. f3 c6 10. Bf2 d5 11. exd5 cxd5 12. O-O Nc6 13. c5 Be6 14. Qd2 Nd7 15.
Ndb5 Nde5 16. Nd6 Nc4 17. Bxc4 dxc4 18. Rad1 Rf8 19. Nd5 Qa5 $11 20. Qxa5 Nxa5
21. Nc7 Rab8 22. Rd2 b6 23. cxb6 axb6 24. Nxe6 fxe6 25. Nb5 c3 26. bxc3 Nc4 27.
Rd7 Rfd8 28. Rfd1 Rxd7 29. Rxd7 Ra8 30. Na7 b5 31. Bd4 e5 32. Bc5 e4 33. fxe4
Bxc3 34. Nxb5 Be5 35. Na7 Rb8 36. Bd4 Rb1+ 37. Kf2 Bxh2 38. Rg7+ Kf8 39. Rxh7
Bg1+ 40. Ke2 Bxd4 41. Kd3 Bxa7 42. Rxa7 Ne5+ 43. Ke3 g5 44. Kf2 Rb2+ 45. Kg3
Rb4 46. a4 Rxe4 47. a5 Re3+ 48. Kf2 Ra3 49. a6 Nc6 50. Rc7 Rxa6 51. Ke3 Ne5 52.
Ke4 Nf7 53. Kf5 Kg7 54. Kg4 Ra4+ 55. Kg3 Kf6 56. Rc2 Ne5 57. Rf2+ Kg6 58. Re2
Ra3+ 59. Kf2 Ng4+ 0-1

[Event "Klub Kölner SF 2 - Oberhausener SV 1"]
[Site "NRW-Klasse - Gruppe 3 2021/20"]
[Date "2022.04.24"]
[Round "8.7"]
[White "Seibert, Michael"]
[Black "Graf, Peter"]
[Result "1/2-1/2"]
[WhiteElo "1955"]
[BlackElo "1959"]
[PlyCount "96"]
[EventDate "2022.??.??"]
[SourceVersionDate "2020.03.16"]
[WhiteTeam "Oberhausener SV 1"]
[BlackTeam "Klub Kölner SF 2"]

1. d4 Nf6 2. Bg5 e6 3. e3 c5 4. c3 Be7 5. Bxf6 Bxf6 6. dxc5 Na6 7. Bxa6 bxa6 8.
Nd2 Bb7 9. Ngf3 Qc7 10. Nc4 O-O 11. Qd6 Rfc8 12. O-O-O Qxc5 13. Qxc5 Rxc5 14.
Nd6 Bd5 15. Nd2 Rc6 16. N6e4 Be7 17. Kb1 f5 18. Ng3 Bxg2 19. Rhg1 Bd5 20. c4
Bxc4 21. Nxc4 Rxc4 22. Rxd7 Kf8 23. Nh5 g6 24. Nf4 Ke8 25. Rb7 Rc6 26. Rd1 Rd8
27. Rxd8+ Kxd8 28. Rxa7 g5 29. Ra8+ Kc7 30. Nd3 Bf6 31. Ra7+ Kd6 32. Nb4 Rb6
33. a3 h5 34. Rf7 Bxb2 35. Kxb2 a5 36. Kb3 axb4 37. axb4 Kd5 38. Rg7 g4 39. Rh7
Ke4 40. Rxh5 Kf3 41. e4 Kxe4 42. h3 Kf3 43. hxg4 fxg4 44. Rg5 Rd6 45. b5 Rd1
46. Kc4 Rc1+ 47. Kd4 Rc2 48. Ke5 Kxf2 1/2-1/2

[Event "Klub Kölner SF 2 - Oberhausener SV 1"]
[Site "NRW-Klasse - Gruppe 3 2021/20"]
[Date "2022.04.24"]
[Round "8.8"]
[White "Hendrix, Joachim"]
[Black "Zimmer, Javier Miguel"]
[Result "1-0"]
[WhiteElo "1917"]
[BlackElo "1723"]
[PlyCount "79"]
[EventDate "2022.??.??"]
[SourceVersionDate "2020.03.16"]
[WhiteTeam "Klub Kölner SF 2"]
[BlackTeam "Oberhausener SV 1"]

1. g3 d5 2. d3 Nf6 3. c4 e6 4. Nf3 Bb4+ 5. Bd2 Bxd2+ 6. Nbxd2 O-O 7. Bg2 b6 8.
b4 a5 9. b5 Bb7 10. O-O c5 11. bxc6 Nxc6 12. Rb1 Rb8 13. Qb3 Ba8 14. Rfc1 Re8
15. cxd5 exd5 16. e3 b5 17. Nd4 Nxd4 18. exd4 Qb6 19. Nf3 h6 20. Rc5 b4 21.
Rbc1 Nd7 22. Rc7 Qb5 23. Bh3 Nb6 24. a3 a4 25. Qxb4 Qxd3 26. Ne5 Qb3 27. Qc5
Nc4 28. Nxf7 Qb2 29. Rf1 Nd2 30. Nxh6+ Kh7 31. Bf5+ Kh8 32. Nf7+ Kg8 33. Nh6+
Kh8 34. Qd6 Qxd4 35. Qg6 Nf3+ 36. Kh1 Ng5 37. Qxg5 Qf6 38. Nf7+ Kg8 39. Qxf6
gxf6 40. Nh6+ 1-0

[Event "SG Porz 3 - SK Holsterhausen 1"]
[Site "NRW-Klasse - Gruppe 3 2021/20"]
[Date "2022.04.24"]
[Round "8.1"]
[White "Dergatschova, Anna"]
[Black "Gallinnis, Norbert"]
[Result "1-0"]
[WhiteElo "2091"]
[BlackElo "2100"]
[PlyCount "105"]
[EventDate "2022.??.??"]
[SourceVersionDate "2020.03.16"]
[WhiteTeam "SK Holsterhausen 1"]
[BlackTeam "SG Porz 3"]

1. e4 e5 2. Nf3 d6 3. d4 f6 4. Bc4 Qe7 5. O-O g5 6. Nc3 c6 7. dxe5 dxe5 8. Be3
Be6 9. Qe2 Nd7 10. Rfd1 Nb6 11. Bb3 h5 12. a4 Nh6 13. a5 Nd7 14. Na4 Ng4 15.
Bd2 Rh7 16. Bxe6 Qxe6 17. h3 Nh6 18. Bxg5 fxg5 19. Nxg5 Qg6 20. Nxh7 Be7 21. b4
Nf7 22. b5 Rc8 23. a6 bxa6 24. bxa6 Qxh7 25. Rab1 Nd6 26. f3 Qf7 27. c4 Rc7 28.
Rdc1 Bd8 29. f4 Bf6 30. Qd3 Qe7 31. Rd1 Nf7 32. f5 Kf8 33. Qe2 h4 34. Qf2 Nd6
35. Qe2 Ne8 36. Qh5 Qa3 37. Qh6+ Ke7 38. Ra1 Qb3 39. Qh7+ Ng7 40. Qg8 Qe3+ 41.
Kh1 Qxe4 42. Nc5 Qxf5 43. Nb7 Ne6 44. Nd6 Qh5 45. Nc8+ Rxc8 46. Qxc8 Nd4 47.
Qc7 Qg5 48. c5 Qg3 49. Rab1 Bg5 50. Rb7 Bf4 51. Qxd7+ Kf6 52. Qf7+ Kg5 53. Qg7+
1-0

[Event "SG Porz 3 - SK Holsterhausen 1"]
[Site "NRW-Klasse - Gruppe 3 2021/20"]
[Date "2022.04.24"]
[Round "8.2"]
[White "Finke, Kai"]
[Black "Walbaum, Klaus"]
[Result "1-0"]
[WhiteElo "2119"]
[BlackElo "2119"]
[PlyCount "65"]
[EventDate "2022.??.??"]
[SourceVersionDate "2020.03.16"]
[WhiteTeam "SG Porz 3"]
[BlackTeam "SK Holsterhausen 1"]

1. d4 Nf6 2. c4 g6 3. Nc3 d5 4. Nf3 Bg7 5. Bg5 Ne4 6. cxd5 Nxg5 7. Nxg5 e6 8.
Qd2 exd5 9. Qe3+ Kf8 10. Qf4 Bf6 11. h4 c6 12. e3 h6 13. Nf3 Nd7 14. g4 Kg7 15.
O-O-O Nf8 16. Bd3 Ne6 17. Qg3 Kf8 18. Ne5 Bxe5 19. dxe5 b5 20. f4 Nc5 21. Bc2
Qc7 22. Rhf1 b4 23. Ne2 Ba6 24. Rf2 Bxe2 25. Rxe2 Kg7 26. h5 Rae8 27. Rh2 Qe7
28. g5 hxg5 29. Rg1 gxf4 30. exf4 Ne4 31. Bxe4 dxe4 32. hxg6 f5 33. Rh7+ 1-0

[Event "SG Porz 3 - SK Holsterhausen 1"]
[Site "NRW-Klasse - Gruppe 3 2021/20"]
[Date "2022.04.24"]
[Round "8.3"]
[White "Schwalen, Peter"]
[Black "Wagenknecht, Uwe"]
[Result "1-0"]
[WhiteElo "2004"]
[BlackElo "2103"]
[PlyCount "197"]
[EventDate "2022.??.??"]
[SourceVersionDate "2020.03.16"]
[WhiteTeam "SK Holsterhausen 1"]
[BlackTeam "SG Porz 3"]

1. e4 c5 2. Nf3 g6 3. Nc3 Bg7 4. d4 cxd4 5. Nxd4 Nc6 6. Be3 Nf6 7. Be2 O-O 8.
Nb3 d6 9. f4 a5 10. a4 Be6 11. O-O Qc8 12. Kh1 Nb4 13. Nd4 Bc4 14. Rf2 Bxe2 15.
Rxe2 Qc4 16. Bg1 Nh5 17. f5 Nf6 18. Ncb5 Nd7 19. c3 Na6 20. b3 Qc8 21. c4 Nb4
22. Rb1 Ne5 23. Re3 Nbc6 24. Rg3 Nxd4 25. Nxd4 b6 26. Qd2 Qb7 27. Re1 Bf6 28.
Qh6 Bg7 29. Qh3 Qd7 30. Rf1 Kh8 31. Rf4 Bf6 32. fxg6 Qxh3 33. Rxh3 fxg6 34. Ne6
Rfb8 35. g4 g5 36. Rf5 Nxg4 37. Nxg5 h6 38. Ne6 Rb7 39. Rb5 Rab8 40. Nf4 Kh7
41. Nd5 e6 42. Nxf6+ Nxf6 43. e5 dxe5 44. Rxe5 Re8 45. Rb5 Reb8 46. Re3 Re7 47.
Rd3 Nd7 48. Rd6 Rg8 49. Bxb6 e5 50. Be3 Rf7 51. Rxh6+ Kg7 52. Rh3 Kf8 53. Rg3
Rh8 54. Rxa5 Ke7 55. Ra6 Rfh7 56. Bg5+ Kf7 57. h4 Rb8 58. Rf3+ Kg8 59. Rg6+ Rg7
60. Rxg7+ Kxg7 61. Be7 Re8 62. Bd6 e4 63. Re3 Nf6 64. Rg3+ Kf7 65. Bf4 Nh5 66.
Rg5 Nxf4 67. Rf5+ Ke6 68. Rxf4 Ke5 69. Rf7 Rb8 70. Kg2 Rxb3 71. h5 Kd4 72. h6
Rb6 73. h7 Rh6 74. a5 e3 75. Rd7+ Ke4 76. a6 e2 77. Kf2 Rh2+ 78. Ke1 Ke3 79.
Re7+ Kd3 80. a7 Rh1+ 81. Kf2 Rf1+ 82. Kg2 Rf8 83. Kg3 Kd2 84. Kg4 e1=Q 85. Rxe1
Kxe1 86. Kg5 Kd2 87. Kg6 Ra8 88. c5 Kd3 89. c6 Kd4 90. c7 Kc5 91. Kg7 Kc6 92.
h8=Q Rxa7 93. Kf6 Rxc7 94. Ke6 Kb7 95. Qb2+ Kc6 96. Qb4 Rc8 97. Qc4+ Kb7 98.
Qb5+ Ka7 99. Kd7 1-0

[Event "SG Porz 3 - SK Holsterhausen 1"]
[Site "NRW-Klasse - Gruppe 3 2021/20"]
[Date "2022.04.24"]
[Round "8.4"]
[White "Evers, Leo"]
[Black "Kortenbusch, Christoph"]
[Result "1/2-1/2"]
[WhiteElo "2022"]
[BlackElo "2053"]
[PlyCount "48"]
[EventDate "2022.??.??"]
[SourceVersionDate "2020.03.16"]
[WhiteTeam "SG Porz 3"]
[BlackTeam "SK Holsterhausen 1"]

1. d4 Nf6 2. c4 e5 3. dxe5 Ng4 4. Nf3 Bc5 5. e3 Nc6 6. Nc3 Ngxe5 7. Nxe5 Nxe5
8. Be2 O-O 9. O-O Re8 10. b3 a5 11. Na4 Ba7 12. Qd2 d6 13. Bb2 Qh4 14. Bxe5
Rxe5 15. Bf3 Bd7 16. Nc3 Rae8 17. Rae1 Bb8 18. Qd1 c6 19. g3 Qh6 20. Bg4 Bxg4
21. Qxg4 R8e6 22. f4 Rh5 23. Rf2 Ba7 24. Qf3 f5 1/2-1/2

[Event "SG Porz 3 - SK Holsterhausen 1"]
[Site "NRW-Klasse - Gruppe 3 2021/20"]
[Date "2022.04.24"]
[Round "8.5"]
[White "Lindenmaier, Reinhard"]
[Black "Thiemonds, Uli"]
[Result "1/2-1/2"]
[WhiteElo "2006"]
[BlackElo "1993"]
[PlyCount "29"]
[EventDate "2022.??.??"]
[SourceVersionDate "2020.03.16"]
[WhiteTeam "SK Holsterhausen 1"]
[BlackTeam "SG Porz 3"]

1. c4 e6 2. g3 f5 3. Bg2 d5 4. Nf3 Nf6 5. d4 c6 6. O-O Bd6 7. b3 Qe7 8. a4 O-O
9. Bf4 Bxf4 10. gxf4 Nbd7 11. Ne5 Kh8 12. Nd2 Rg8 13. Kh1 Ne4 14. Nxe4 fxe4 15.
f3 1/2-1/2

[Event "SG Porz 3 - SK Holsterhausen 1"]
[Site "NRW-Klasse - Gruppe 3 2021/20"]
[Date "2022.04.24"]
[Round "8.6"]
[White "Paulus, Jeffrey"]
[Black "Sicars, Thorsten"]
[Result "0-1"]
[WhiteElo "1931"]
[BlackElo "1970"]
[PlyCount "118"]
[EventDate "2022.??.??"]
[SourceVersionDate "2020.03.16"]
[WhiteTeam "SG Porz 3"]
[BlackTeam "SK Holsterhausen 1"]

1. d4 d6 2. e4 Nf6 3. Nc3 e5 4. dxe5 dxe5 5. Qxd8+ Kxd8 6. Bc4 Be6 7. Bxe6 fxe6
8. f4 Bb4 9. Bd2 Bxc3 10. Bxc3 exf4 11. Nh3 Nxe4 12. Bxg7 Rg8 13. Nxf4 Ke7 14.
Be5 Nd7 15. Bxc7 Rac8 16. Ba5 Rxc2 17. Bb4+ Ndc5 18. O-O Ke8 19. Bxc5 Nxc5 20.
Rac1 Rxc1 21. Rxc1 Rg4 22. g3 b6 23. b4 Na6 24. a3 Kd7 25. Rd1+ Ke7 26. Re1 Nc7
27. Re5 Rg7 28. Kf2 Kf6 29. Re2 Rd7 30. Kf3 Rd1 31. Kg4 Rd4 32. Kh5 e5 33. Nh3
Ne6 34. Kh6 e4 35. Nf2 Kf5 36. Kxh7 Rd7+ 37. Kh6 Ng5 38. g4+ Kf4 39. Re1 Rh7+
40. Kg6 Rxh2 41. Rf1 Nf3 42. g5 Rg2 43. Kf6 e3 44. Nd3+ Ke4 45. Rxf3 Kxd3 46.
Rh3 Kd2 47. Rh7 Rf2+ 48. Kg6 e2 49. Rd7+ Ke1 50. Rxa7 Kf1 51. Re7 e1=Q 52.
Rxe1+ Kxe1 53. a4 Rf4 54. a5 b5 55. Kh7 Rxb4 56. g6 Rh4+ 57. Kg8 Ra4 58. g7
Rxa5 59. Kh8 Ra8+ 0-1

[Event "SG Porz 3 - SK Holsterhausen 1"]
[Site "NRW-Klasse - Gruppe 3 2021/20"]
[Date "2022.04.24"]
[Round "8.7"]
[White "Westendorp, Christian"]
[Black "Wegener, Marcus"]
[Result "0-1"]
[WhiteElo "1787"]
[BlackElo "1957"]
[PlyCount "116"]
[EventDate "2022.??.??"]
[SourceVersionDate "2020.03.16"]
[WhiteTeam "SK Holsterhausen 1"]
[BlackTeam "SG Porz 3"]

1. d4 c5 2. d5 Nf6 3. c4 b5 4. cxb5 a6 5. bxa6 g6 6. Nc3 Bg7 7. Nf3 O-O 8. g3
Qa5 9. Bd2 Nxa6 10. Ne5 d6 11. Nc6 Qc7 12. Bg2 Qd7 13. Na4 Qb7 14. Qb3 Nb4 15.
Bxb4 cxb4 16. Nxb4 Bd7 17. Nc6 Bxc6 18. dxc6 Qa6 19. Nc3 Rfb8 20. Qc2 d5 21. c7
Rb6 22. Rb1 e6 23. O-O Qb7 24. a4 Rc6 25. Qd3 Nd7 26. Rfc1 Qxc7 27. Rc2 Nc5 28.
Qd1 Bxc3 29. Rxc3 Nxa4 30. Ra3 Rca6 31. Rba1 Nxb2 32. Rxa6 Rxa6 33. Qe1 Rxa1
34. Qxa1 Nc4 35. Qf6 Qe5 36. Qxe5 Nxe5 37. h3 Kg7 38. f4 Nc4 39. Kf2 Kf6 40. g4
Ke7 41. e4 Kd6 42. Ke2 Kc5 43. Kd3 Nb2+ 44. Kc2 Nc4 45. Kd3 Na5 46. Bf3 Nc6 47.
g5 Nb4+ 48. Ke3 Kc4 49. Be2+ Kc3 50. Bb5 d4+ 51. Ke2 d3+ 52. Kd1 Nc2 53. Ba4
Ne3+ 54. Ke1 Ng2+ 55. Kd1 Nxf4 56. h4 Ng2 57. Be8 Ne3+ 58. Ke1 d2+ 0-1

[Event "SG Porz 3 - SK Holsterhausen 1"]
[Site "NRW-Klasse - Gruppe 3 2021/20"]
[Date "2022.04.24"]
[Round "8.8"]
[White "Hackbusch, Thomas"]
[Black "Billaudelle, Frank"]
[Result "1/2-1/2"]
[WhiteElo "1839"]
[BlackElo "1793"]
[PlyCount "69"]
[EventDate "2022.??.??"]
[SourceVersionDate "2020.03.16"]
[WhiteTeam "SG Porz 3"]
[BlackTeam "SK Holsterhausen 1"]

1. d4 d5 2. c4 c6 3. Nc3 Nf6 4. Nf3 dxc4 5. e3 Bf5 6. Bxc4 e6 7. O-O Nbd7 8.
Qe2 Ne4 9. Nxe4 Bxe4 10. b3 Bd6 11. Bb2 Qf6 12. Nd2 Qh6 13. f4 Bg6 14. Qf2 Nf6
15. Rae1 b5 16. Be2 Bb4 17. Bf3 O-O 18. Rc1 Rac8 19. a3 Be7 20. b4 Rc7 21. Qe2
Rfc8 22. Nb3 Qh4 23. g3 Qh3 24. e4 Bh5 25. Bxh5 Nxh5 26. Qf3 Nf6 27. Rc2 Qg4
28. Qxg4 Nxg4 29. Re1 Kf8 30. h3 Nf6 31. Kf2 Ke8 32. Kf3 Kd7 33. Rec1 h5 34.
Na5 Ne8 35. Ke3 1/2-1/2

[Event "SV Turm Kamp-Lintfort 1 - SK Turm Kleve"]
[Site "NRW-Klasse - Gruppe 3 2021/20"]
[Date "2022.04.24"]
[Round "8.1"]
[White "Albers, Sasa"]
[Black "Ratering, Jona"]
[Result "1/2-1/2"]
[WhiteElo "2099"]
[BlackElo "2119"]
[PlyCount "45"]
[EventDate "2022.??.??"]
[SourceVersionDate "2020.03.16"]
[WhiteTeam "SK Turm Kleve 1"]
[BlackTeam "SV Turm Kamp-Lintfort 1"]

1. e4 c5 2. Nf3 Nc6 3. Bb5 g6 4. O-O Bg7 5. c3 Nf6 6. Re1 O-O 7. h3 e5 8. d4
cxd4 9. cxd4 Nxd4 10. Nxd4 Qb6 11. Bc4 Qxd4 12. Qxd4 exd4 13. e5 Ne8 14. Bg5 d5
15. Bb3 Nc7 16. Nd2 Bd7 17. Nf3 a5 18. Rad1 a4 19. Bc2 Ne6 20. Be7 Rfc8 21. Bb1
Rc4 22. Bd3 Rcc8 23. Bb1 1/2-1/2

[Event "SV Turm Kamp-Lintfort 1 - SK Turm Kleve"]
[Site "NRW-Klasse - Gruppe 3 2021/20"]
[Date "2022.04.24"]
[Round "8.2"]
[White "Schneider, Christoph"]
[Black "Verfuerth, Kevin"]
[Result "1/2-1/2"]
[WhiteElo "2158"]
[BlackElo "2019"]
[PlyCount "92"]
[EventDate "2022.??.??"]
[SourceVersionDate "2020.03.16"]
[WhiteTeam "SV Turm Kamp-Lintfort 1"]
[BlackTeam "SK Turm Kleve 1"]

1. e4 c5 2. Nc3 Nc6 3. g3 g6 4. Bg2 Bg7 5. d3 e6 6. Be3 b6 7. Qd2 Nf6 8. Bh6
Bxh6 9. Qxh6 Qe7 10. Nge2 Bb7 11. h3 Nd4 12. Qd2 d5 13. e5 Nd7 14. f4 Nxe2 15.
Nxe2 O-O-O 16. c3 Nb8 17. O-O-O Nc6 18. Kb1 Kb8 19. g4 b5 20. d4 c4 21. Rdf1 a5
22. f5 gxf5 23. gxf5 exf5 24. Rxf5 Rhg8 25. Nf4 Bc8 26. Rf6 Be6 27. Bf3 Qd7 28.
Nxe6 fxe6 29. Qf4 Rde8 30. Bh5 Re7 31. Rf1 Kb7 32. Qh6 Rgg7 33. Bg4 Nd8 34. Qf4
Qe8 35. h4 h5 36. Bd1 Qh8 37. Bc2 Rg2 38. Rh6 Qg8 39. Rf6 Rg4 40. Qf2 Rg2 41.
Qf3 Qg4 42. Bd1 Rh2 43. Qxg4 hxg4 44. Bxg4 Rg7 45. Bf3 Rxh4 46. a3 Rh2 1/2-1/2

[Event "SV Turm Kamp-Lintfort 1 - SK Turm Kleve"]
[Site "NRW-Klasse - Gruppe 3 2021/20"]
[Date "2022.04.24"]
[Round "8.3"]
[White "Wiegersma, Justus"]
[Black "Hagen, Gunter"]
[Result "1/2-1/2"]
[WhiteElo "2052"]
[BlackElo "2122"]
[PlyCount "44"]
[EventDate "2022.??.??"]
[SourceVersionDate "2020.03.16"]
[WhiteTeam "SK Turm Kleve 1"]
[BlackTeam "SV Turm Kamp-Lintfort 1"]

1. c4 c6 2. Nf3 Nf6 3. b3 d5 4. Bb2 Bf5 5. g3 e6 6. Bg2 Bd6 7. O-O O-O 8. d3 h6
9. Nbd2 Qe7 10. Qc2 Nbd7 11. a3 a5 12. e4 dxe4 13. dxe4 Bh7 14. Qc3 e5 15. Nh4
Bc5 16. Qf3 Bd4 17. Bxd4 exd4 18. Nf5 Bxf5 19. Qxf5 Qc5 20. Qxc5 Nxc5 21. h3
Rfe8 22. Rfe1 g5 1/2-1/2

[Event "SV Turm Kamp-Lintfort 1 - SK Turm Kleve"]
[Site "NRW-Klasse - Gruppe 3 2021/20"]
[Date "2022.04.24"]
[Round "8.4"]
[White "Westermann, Johannes"]
[Black "Krebbers, Wilfried"]
[Result "0-1"]
[WhiteElo "2011"]
[BlackElo "1971"]
[PlyCount "92"]
[EventDate "2022.??.??"]
[SourceVersionDate "2020.03.16"]
[WhiteTeam "SV Turm Kamp-Lintfort 1"]
[BlackTeam "SK Turm Kleve 1"]

1. d4 Nf6 2. Nf3 e6 3. c4 Bb4+ 4. Bd2 Qe7 5. a3 Bxd2+ 6. Nbxd2 d6 7. e4 e5 8.
d5 a5 9. b3 O-O 10. h3 Nh5 11. g3 f5 12. Bg2 g6 13. O-O f4 14. g4 Ng7 15. b4 b6
16. Qc2 g5 17. Ne1 axb4 18. Nd3 bxa3 19. Qb3 Nd7 20. Rxa3 Rxa3 21. Qxa3 Nc5 22.
Nxc5 dxc5 23. f3 Ne8 24. Ra1 Nd6 25. Bf1 Bb7 26. Qb2 Kf7 27. Nb1 Rb8 28. Nc3
Qe8 29. Nb5 Nxb5 30. cxb5 Kf6 31. Bc4 Ra8 32. Rxa8 Qxa8 33. Qa2 Qxa2 34. Bxa2
c4 35. Bxc4 Ke7 36. Kf2 Kd6 37. h4 Kc5 38. hxg5 Kxc4 39. Kg2 Kd4 40. Kh3 Ke3
41. Kh4 Kxf3 42. Kh5 Kxe4 43. Kh6 f3 44. Kxh7 f2 45. g6 f1=Q 46. g7 Qh3+ 0-1

[Event "SV Turm Kamp-Lintfort 1 - SK Turm Kleve"]
[Site "NRW-Klasse - Gruppe 3 2021/20"]
[Date "2022.04.24"]
[Round "8.5"]
[White "Brandt, Thorsten"]
[Black "Nurkowski-Buerkle, Ruediger"]
[Result "0-1"]
[WhiteElo "1974"]
[BlackElo "1967"]
[PlyCount "38"]
[EventDate "2022.??.??"]
[SourceVersionDate "2020.03.16"]
[WhiteTeam "SK Turm Kleve 1"]
[BlackTeam "SV Turm Kamp-Lintfort 1"]

1. d4 d5 2. Nf3 c6 3. c4 Nf6 4. cxd5 cxd5 5. Nc3 Nc6 6. Bf4 Bf5 7. e3 e6 8. Qb3
Bb4 9. Ne5 Qb6 10. Nxc6 bxc6 11. Be2 Ne4 12. O-O Nd2 13. Na4 Qa5 14. Qd1 Nxf1
15. Kxf1 O-O 16. Rc1 Rfd8 17. Rxc6 Rdc8 18. Qc1 e5 19. e4 Qxa4 0-1

[Event "SV Turm Kamp-Lintfort 1 - SK Turm Kleve"]
[Site "NRW-Klasse - Gruppe 3 2021/20"]
[Date "2022.04.24"]
[Round "8.6"]
[White "Bosser, Heinz-Dieter"]
[Black "van Kuijk, Vadim"]
[Result "1-0"]
[WhiteElo "1991"]
[BlackElo "1887"]
[PlyCount "95"]
[EventDate "2022.??.??"]
[SourceVersionDate "2020.03.16"]
[WhiteTeam "SV Turm Kamp-Lintfort 1"]
[BlackTeam "SK Turm Kleve 1"]

1. d4 d5 2. c4 c6 3. Nf3 Nf6 4. Nc3 e6 5. cxd5 exd5 6. Bf4 Bd6 7. Bxd6 Qxd6 8.
e3 Bg4 9. Be2 Nbd7 10. O-O h5 11. Re1 h4 12. Ng5 Bf5 13. Bd3 Rh5 14. f4 Bxd3
15. Qxd3 Kf8 16. Qe2 Re8 17. Qf3 Nb6 18. Re2 Nc8 19. Nd1 Ne7 20. Nf2 Nf5 21.
Nd3 g6 22. Ne5 Re7 23. Rc1 Kg7 24. Nd3 Ne4 25. Nh3 Rh8 26. Nc5 Rhe8 27. Nxe4
Rxe4 28. Rce1 Qe7 29. Kf2 f6 30. g3 Nh6 31. Kf1 hxg3 32. hxg3 Nf5 33. Kf2 Qe6
34. g4 Nh4 35. Qg3 g5 36. Kg1 Rh8 37. f5 Nxf5 38. gxf5 Qxf5 39. Nf2 Reh4 40. e4
dxe4 41. Rxe4 Rh2 42. R1e2 Kg6 43. Qg4 Qa5 44. Qe6 Qc7 45. Re5 R8h4 46. Qf5+
Kh5 47. Qxf6 Qd7 48. Rxg5# 1-0

[Event "SV Turm Kamp-Lintfort 1 - SK Turm Kleve"]
[Site "NRW-Klasse - Gruppe 3 2021/20"]
[Date "2022.04.24"]
[Round "8.7"]
[White "Hoenselaar, Dennis"]
[Black "Esser, Jochen"]
[Result "0-1"]
[WhiteElo "1720"]
[BlackElo "1948"]
[PlyCount "70"]
[EventDate "2022.??.??"]
[SourceVersionDate "2020.03.16"]
[WhiteTeam "SK Turm Kleve 1"]
[BlackTeam "SV Turm Kamp-Lintfort 1"]

1. e4 e5 2. Nf3 Nc6 3. Bc4 Bc5 4. c3 Nf6 5. d4 exd4 6. cxd4 Bb4+ 7. Bd2 Bxd2+
8. Nbxd2 d5 9. exd5 Nxd5 10. h3 O-O 11. O-O Nb6 12. Bd3 Nxd4 13. Nxd4 Qxd4 14.
Qc2 g6 15. Nf3 Qf6 16. Be4 c6 17. Rad1 Be6 18. Rd6 Rad8 19. Rfd1 Qe7 20. Rxd8
Rxd8 21. Re1 Qf6 22. b3 Nd5 23. Qc5 Nb6 24. Ng5 Bf5 25. f4 h6 26. Bxf5 hxg5 27.
Bc2 gxf4 28. Qf2 Kg7 29. Re4 Nd5 30. Qxa7 Ne3 31. Rxe3 fxe3 32. Qxe3 Qd4 33.
Kf2 Qd2+ 34. Qe2 Qf4+ 35. Ke1 Rd6 0-1

[Event "SV Turm Kamp-Lintfort 1 - SK Turm Kleve"]
[Site "NRW-Klasse - Gruppe 3 2021/20"]
[Date "2022.04.24"]
[Round "8.8"]
[White "Schubert, Mario"]
[Black "Verfuerth, Thomas"]
[Result "0-1"]
[WhiteElo "1841"]
[BlackElo "1979"]
[PlyCount "76"]
[EventDate "2022.??.??"]
[SourceVersionDate "2020.03.16"]
[WhiteTeam "SV Turm Kamp-Lintfort 1"]
[BlackTeam "SK Turm Kleve 1"]

1. e4 c5 2. Nf3 d6 3. d4 cxd4 4. Nxd4 Nf6 5. Nc3 g6 6. Be2 Bg7 7. Be3 Nc6 8.
O-O O-O 9. Kh1 d5 10. exd5 Nxd5 11. Nxd5 Nxd4 12. Bxd4 Qxd5 13. Bxg7 Qxd1 14.
Raxd1 Kxg7 15. Rd2 Bf5 16. Rfd1 Rac8 17. c4 Rc7 18. b3 Rfc8 19. h3 Be4 20. Kh2
f5 21. f4 Kf6 22. g4 h6 23. Kg3 Rc6 24. Rd7 R8c7 25. Rd8 Rc8 26. R8d7 R6c7 27.
R7d4 Rc5 28. Bf1 Ra5 29. R4d2 Ra3 30. Kf2 Rc6 31. Rb2 e5 32. fxe5+ Kxe5 33.
gxf5 gxf5 34. Rd7 Rd6 35. Rxd6 Kxd6 36. Be2 Ke5 37. Rd2 Bb1 38. Bf3 Rxa2 0-1

[Event "SK Turm Kleve 1 - SF Düsseldorf-Süd 1"]
[Site "NRW-Klasse - Gruppe 3 2021/20"]
[Date "2022.05.22"]
[Round "9.1"]
[White "Kontorovitch, Vladimir"]
[Black "Albers, Sasa"]
[Result "0-1"]
[WhiteElo "2120"]
[BlackElo "2099"]
[PlyCount "82"]
[EventDate "2022.??.??"]
[SourceVersionDate "2020.03.16"]
[WhiteTeam "SF Düsseldorf-Süd 1"]
[BlackTeam "SK Turm Kleve 1"]

1. e4 c6 2. d4 d5 3. e5 c5 4. dxc5 e6 5. b4 a5 6. c3 axb4 7. cxb4 b6 8. Nf3
bxc5 9. b5 Ne7 10. Bd3 Nd7 11. O-O Ng6 12. Re1 Be7 13. Nc3 O-O 14. g3 Bb7 15.
h4 d4 16. Be4 Bxe4 17. Nxe4 Ngxe5 18. Nxe5 Nxe5 19. Nxc5 Qd5 20. Rxe5 Qxe5 21.
Nd7 Qxb5 22. Nxf8 Rxf8 23. a4 Qa6 24. Ba3 Bxa3 25. Rxa3 e5 26. Qd3 Qxd3 27.
Rxd3 Ra8 28. Ra3 Ra5 29. Kf1 f5 30. Ke2 e4 31. Kd2 Kf7 32. Kc2 Ke6 33. Kb3 Kd5
34. Kb4 Ra8 35. a5 Rb8+ 36. Ka4 d3 37. Ra1 Kd4 38. a6 d2 39. Ka5 Kd3 40. a7 Ra8
41. Kb6 Ke2 0-1

[Event "SK Turm Kleve 1 - SF Düsseldorf-Süd 1"]
[Site "NRW-Klasse - Gruppe 3 2021/20"]
[Date "2022.05.22"]
[Round "9.2"]
[White "Verfuerth, Kevin"]
[Black "Tagsold, Christian"]
[Result "1/2-1/2"]
[WhiteElo "2019"]
[BlackElo "2115"]
[PlyCount "119"]
[EventDate "2022.??.??"]
[SourceVersionDate "2020.03.16"]
[WhiteTeam "SK Turm Kleve 1"]
[BlackTeam "SF Düsseldorf-Süd 1"]

1. c4 e6 2. Nf3 d5 3. e3 Nf6 4. b3 Be7 5. Bb2 O-O 6. Be2 b6 7. O-O Bb7 8. Nc3
c5 9. d4 Nbd7 10. cxd5 Nxd5 11. Nxd5 Bxd5 12. Qd3 cxd4 13. e4 Bb7 14. Bxd4 Nc5
15. Bxc5 Qxd3 16. Bxd3 Bxc5 17. e5 Rfd8 18. Rad1 h6 19. Be2 Kf8 20. Rxd8+ Rxd8
21. Rd1 Rxd1+ 22. Bxd1 Ba6 23. g3 Ke7 24. Kg2 Kd7 25. Nd2 Bd3 26. f4 Bb4 27.
Nc4 b5 28. Ne3 Bb1 29. a4 bxa4 30. bxa4 Kc6 31. Nc4 Ba2 32. Bf3+ Kc7 33. Be2
Bb3 34. a5 Ba4 35. g4 Bb5 36. Kg3 f6 37. h4 fxe5 38. fxe5 Kc6 39. Bf3+ Kc5 40.
Nd6 Bd7 41. a6 Kd4 42. Nf7 Be1+ 43. Kh3 Bb5 44. g5 hxg5 45. Nxg5 Kxe5 46. Bb7
Kd6 47. Ne4+ Kc7 48. Kg4 Kb6 49. h5 Bb4 50. Kg5 Be7+ 51. Kf4 Be2 52. Ke5 Bxh5
53. Kxe6 Bb4 54. Ng3 Be8 55. Nf5 g6 56. Ne3 Kc5 57. Nd5 Bd2 58. Nf6 Bc6 59.
Ne4+ Bxe4 60. Bxe4 1/2-1/2

[Event "SK Turm Kleve 1 - SF Düsseldorf-Süd 1"]
[Site "NRW-Klasse - Gruppe 3 2021/20"]
[Date "2022.05.22"]
[Round "9.3"]
[White "Hoffmann, André"]
[Black "Wiegersma, Justus"]
[Result "1-0"]
[WhiteElo "1926"]
[BlackElo "2029"]
[PlyCount "125"]
[EventDate "2022.??.??"]
[SourceVersionDate "2020.03.16"]
[WhiteTeam "SF Düsseldorf-Süd 1"]
[BlackTeam "SK Turm Kleve 1"]

1. e4 b6 2. d4 Bb7 3. Bd3 e6 4. Nf3 d5 5. e5 Qd7 6. Qe2 c5 7. c3 Ne7 8. O-O
Nbc6 9. a3 c4 10. Bc2 Na5 11. Be3 Bc6 12. Nbd2 Ba4 13. Bb1 h5 14. Ng5 g6 15.
Qf3 Nf5 16. h3 O-O-O 17. Rc1 Kb8 18. Bc2 Bxc2 19. Rxc2 Bh6 20. g3 Qe7 21. h4
Rc8 22. Bf4 Qd7 23. Qd1 Qa4 24. Rcc1 Qxd1+ 25. Rxd1 Rc7 26. Kg2 Rb7 27. Kf3 Rc8
28. Nh7 Bxf4 29. Kxf4 Kc7 30. Rh1 Rh8 31. Nf6 Kd8 32. Rh2 Ke7 33. Rah1 Nc6 34.
f3 b5 35. g4 Ng7 36. Kg5 a5 37. Ra1 hxg4 38. fxg4 Ne8 39. h5 gxh5 40. Rxh5 Rf8
41. Rah1 Nxf6 42. exf6+ Kd6 43. Nf3 b4 44. axb4 axb4 45. Rh8 Rbb8 46. Rxf8 Rxf8
47. Kf4 bxc3 48. bxc3 Rb8 49. Ne5 Nxe5 50. dxe5+ Kc5 51. Rh7 Rf8 52. Ke3 d4+
53. cxd4+ Kd5 54. g5 c3 55. Kd3 c2 56. Kxc2 Kxd4 57. Rxf7 Rxf7 58. g6 Rc7+ 59.
Kd2 Ra7 60. f7 Ra2+ 61. Ke1 Ke3 62. Kf1 Rf2+ 63. Kg1 1-0